Cartoon/Comic Characters By Facial Hair Quiz Stats

Quiz not verified by Sporcle

Challenge
Share
Tweet
Score 0/35 Timer 10:00
0 Plays Today
% Correct
Bugs Bunny
99%
Fred Flintstone
98.5%
Superman
94.5%
Bart Simpson (The Simpsons)
94.4%
Scooby-Doo
94.1%
Papa Smurf
93.7%
Peter Griffin (Family Guy)
93.4%
Daffy Duck
93.2%
Popeye and Bluto
91.2%
Batman
90.4%
Dexter (Dexter's Labratory)
87.9%
Wolverine
87.8%
Thor
87.4%
Yosemite Sam
87%
Iron Man
86.8%
The Joker
86.4%
Green Lantern (John Stewart)
82.9%
Phineas and Ferb
80.7%
% Correct
Garfield
76.7%
Aquaman
75.5%
Calvin and Hobbes
74.6%
American Dad
73%
Green Arrow
67.9%
Archie
64.2%
The Pirates Who Don't Do Anything
59.5%
Captain Caveman
58.5%
Hercules
53%
J. Jonah Jameson
51.6%
Dick Dastardly
50.3%
The Inspector
49.8%
Sinestro
38.6%
Snidely Whiplash
24.8%
Dum Dum Dugan (Howling Commandos)
19.6%
The Wizard SHAZAM and Billy Batson
15.5%
Batroc the Leaper
12.2%

You're not logged in!

Compare scores with friends on all Sporcle quizzes.
Sign Up with Email
OR
Log In

You Might Also Like...

Show Comments

Extras

Top Quizzes Today


Score Distribution

Your Account Isn't Verified!

In order to create a playlist on Sporcle, you need to verify the email address you used during registration. Go to your Sporcle Settings to finish the process.